000 00291nam a22001337a 4500
008 170616b xxu||||| |||| 00| 0 eng d
020 _a9780271014647
041 _aeng
080 _a32
100 _a20
101 _aSHP
245 _aRATIONAL CHOICE MARXISM
_cCARVER,T
942 _2udc
_cBK
999 _c17740
_d17740